Score 0/20 Timer 06:00
6 Plays Today
% Correct
Bladder
88.9%
Biceps
86.6%
Bile
86.3%
Breast
86%
Brain
85.8%
Bones
83.1%
Bronchiole
78.1%
Bronchus
68.2%
Basal ganglia
57%
Blastula
55.9%
% Correct
Bare area
55.3%
Buccinator
50.6%
Broca's
49%
Body
45.9%
Bulbospongiosus
43.2%
Brachiocephalic
42.7%
Basilar
35%
Brunner's
33.6%
Broad
31.3%
Bregma
25.7%
Remove Ads.
Support Sporcle.
Get the best of Sporcle when you Go Orange. This ad-free experience offers more features, more stats, and more fun while also helping to support Sporcle. Thank you for becoming a member.

You're not logged in!

Compare scores with friends on all Sporcle quizzes.
OR
Log In

Show Comments

Extras

Top Quizzes Today


Score Distribution

Your Account Isn't Verified!

In order to create a playlist on Sporcle, you need to verify the email address you used during registration. Go to your Sporcle Settings to finish the process.

Report this User

Report this user for behavior that violates our Community Guidelines.

Details: